| 000 | 00292nam a22000977a 4500 | ||
|---|---|---|---|
| 082 |
_a621.56 _bRAM _cL-8, P-18 |
||
| 245 | _aDesign problems in Air Conditioning and Refrigeration | ||
| 260 |
_aNew York _bIndustrial Press INC _c1966 |
||
| 526 |
_a0 _b0 _c0 _d621_560000000000000_RAM |
||
| 942 |
_2ddc _cBK |
||
| 999 |
_c545920 _d545920 |
||